| 000 | 00456nam a2200181Ia 4500 | ||
|---|---|---|---|
| 008 | 131103s9999 xx 000 0 und d | ||
| 040 | _aLoreto College | ||
| 041 | _aEnglish | ||
| 082 |
_a907/AGG _bLCBED/14459 |
||
| 100 | _aAggarwal, J.C. | ||
| 245 |
_aTeaching of history _cJ.C. Aggarwal |
||
| 260 |
_a[s.l.] _b[s.n.] _c[19?] |
||
| 300 |
_a319p. _c 21cm. |
||
| 650 | _aHistory method | ||
| 651 | _aHistory | ||
| 850 | _aLCBED/907/AGG | ||
| 942 | _cBK | ||
| 999 |
_c29359 _d79838 |
||